| 000 | 00944cam a2200313 a 4500 | ||
|---|---|---|---|
| 005 | 20260322212030.0 | ||
| 008 | data | ||
| 010 | _a 95030003 | ||
| 020 | _a0465008941 | ||
| 020 | _a9780465008940 | ||
| 040 |
_aDLC _cDLC _dDLC |
||
| 041 | 1 |
_aeng _hger |
|
| 043 |
_aaw----- _aff----- _aaw----- |
||
| 050 | 0 | 0 |
_aDG261 _b.M3713 1995 |
| 082 | 0 | 0 |
_a937/.05/092 _221 |
| 100 | 1 |
_aMeier, Christian, _d1929- |
|
| 240 | 1 | 0 |
_aCaesar. _lEnglish |
| 245 | 1 | 0 |
_aCaesar / _cChristian Meier. |
| 260 |
_aNew York : _bBasicBooks/HarperCollins, _c[1995]. |
||
| 300 |
_a513 p., 16 p. of plates : _bill., maps ; _c24 cm. |
||
| 500 | _aOriginally published : United Kingdom : HarperCollins, 1995. | ||
| 500 | _aTranslation of the 3rd German pbk. ed. | ||
| 500 | _aIncludes index. | ||
| 600 | 1 | 0 | _aCaesar, Julius. |
| 650 | 0 |
_aStatesmen _zRome _xBiography. |
|
| 650 | 0 |
_aGenerals _zRome _xBiography. |
|
| 651 | 0 |
_aRome _xHistory _yRepublic, 265-30 B.C. |
|
| 001 | data | ||
| 999 |
_c698 _d698 |
||